Normal view
MARC view
Entry Personal Name
001 - CONTROL NUMBER
- control field: 82616
003 - CONTROL NUMBER IDENTIFIER
- control field: OSt
005 - DATE AND TIME OF LATEST TRANSACTION
- control field: 20241020115418.0
008 - FIXED-LENGTH DATA ELEMENTS
- fixed length control field: 241020|| aca||aabn | a|a d
040 ## - CATALOGING SOURCE
- Original cataloging agency: OSt
- Transcribing agency: OSt
100 ## - HEADING--PERSONAL NAME
- Personal name: Patel, Dr. Mrunal
670 ## - SOURCE DATA FOUND
- Source citation: Work cat.: (OSt)67271: Patel, Dr. Mrunal, Error 30 Civil Services Topic- wise UPSC IAS प्रारम्भिक परीक्षा , 2024









